Tutte le squadre che hanno partecipato alla Champions League - Statistics

Statistiche generali
  • Questo quiz è stato fatto 278 volte
  • Il punteggio medio è 73 su 154
Statistiche sulle risposte
STATO SQUADRA % Corretto
ITALIA Inter
88%
ITALIA Juventus
88%
ITALIA Lazio
88%
INGHILTERRA Manchester City/City
88%
ITALIA Milan
88%
ITALIA Roma
88%
INGHILTERRA Manchester United/United
87%
ITALIA Napoli
84%
GERMANIA Bayern Monaco
83%
ITALIA Fiorentina
83%
FRANCIA PSG/Paris
83%
INGHILTERRA Chelsea
82%
ITALIA Atalanta
81%
ITALIA Bologna
81%
INGHILTERRA Liverpool
81%
SPAGNA Real Madrid
81%
SPAGNA Barcellona
80%
FRANCIA Marsiglia/OL
80%
OLANDA Ajax
79%
GERMANIA Borussia Dortmund
77%
INGHILTERRA Arsenal
75%
PORTOGALLO Porto
75%
OLANDA PSV
75%
SPAGNA Atletico Madrid
74%
CROAZIA Dinamo Zagabria
74%
PORTOGALLO Benfica
73%
FRANCIA Lione
72%
AUSTRIA Salisburgo
72%
PORTOGALLO Sporting
72%
INGHILTERRA Tottenham
72%
TURCHIA Galatasaray
70%
INGHILTERRA Aston Villa
69%
DANIMARCA Copenaghen
68%
UCRAINA Dinamo Kiev
68%
SPAGNA Siviglia
68%
ITALIA Udinese
68%
AUSTRIA Rapid Vienna
67%
SCOZIA Celtic
66%
SCOZIA Rangers
66%
SERBIA Stella Rossa
65%
GERMANIA Bayer Leverkusen
64%
SPAGNA Valencia
64%
REPUBBLICA CECA Sparta Praga
63%
BELGIO Anderlecht
62%
RUSSIA CSKA
62%
OLANDA Feyenoord
62%
FRANCIA Monaco
62%
SVIZZERA Young Boys
62%
AUSTRIA Austria Vienna
61%
FRANCIA Lille
61%
ITALIA Parma
61%
INGHILTERRA Leicester
59%
GRECIA AEK
58%
GERMANIA Lipsia
58%
INGHILTERRA Newcastle
58%
BELGIO Club Bruges/Bruges
56%
BELGIO Genk
56%
SVEZIA Malmo
56%
REPUBBLICA CECA Slavia Praga
55%
SPAGNA Villareal
55%
CIPRO Apoel
54%
TURCHIA Fenerbahce
54%
BELGIO Gent
54%
RUSSIA Zenit
54%
TURCHIA Besiktas
53%
PORTOGALLO Braga
52%
SPAGNA Real Betis/Betis
52%
SVIZZERA Basilea
51%
GERMANIA Amburgo
50%
SPAGNA Real Sociedad
50%
UCRAINA Shaktar
50%
FINLANDIA HJK/Helsinki
49%
BELGIO Royal Antwerp/Anversa
49%
AUSTRIA Sturm Graz
49%
GERMANIA Schalke
48%
GERMANIA Stoccarda
48%
ISRAELE Maccabi Tel Aviv
47%
POLONIA Legia Varsavia
46%
ISRAELE Maccabi Haifa
46%
GRECIA Panathinaikos
46%
SPAGNA Athletic Bilbao
45%
AZERBAIGIAN Qarabag
45%
SPAGNA Girona
44%
FRANCIA Nantes
44%
SLOVACCHIA Slovan Bratislava
44%
OLANDA AZ
43%
FRANCIA Bordeaux
43%
FRANCIA Lens
42%
RUSSIA Spartak
42%
OLANDA Twente
42%
SVIZZERA Zurigo
42%
FRANCIA Rennes
41%
GERMANIA Wolfsburg
41%
SPAGNA Deportivo
40%
GRECIA Olympiacos
40%
KAZAKISTAN Astana
39%
ROMANIA Cluj
39%
UNGHERIA Ferencvaros
39%
RUSSIA Lokomotiv
38%
SPAGNA Malaga
38%
SERBIA Partizan
38%
BIELORUSSIA BATE Borisov/BATE
37%
FRANCIA Brest
37%
FRANCIA Montpellier
37%
CROAZIA Hajduk Spalato/Hajduk
36%
MOLDAVIA Sheriff
36%
REPUBBLICA CECA Viktoria Plzen
35%
BULGARIA Ludogorets
34%
GERMANIA Union Berlino
34%
GERMANIA Werder Brema
34%
ROMANIA FCSB
33%
NORVEGIA Rosenborg
33%
INGHILTERRA Leeds
32%
TURCHIA Trabzonspor
31%
GERMANIA Eintracht Francoforte
30%
SPAGNA Celta Vigo
29%
SLOVENIA Maribor
29%
DANIMARCA Brondby
28%
SVEZIA Goteborg
28%
NORVEGIA Molde
28%
FRANCIA Auxerre
26%
PORTOGALLO Boavista
25%
GERMANIA Hoffenheim
25%
DANIMARCA Midtjylland
25%
SVEZIA AIK
23%
INGHILTERRA Blackburn
21%
BULGARIA Levski Sofia
21%
GERMANIA Mönchengladbach
21%
RUSSIA Rubin Kazan
21%
TURCHIA Istanbul Basaksehir
20%
DANIMARCA Aalborg
19%
GERMANIA Hertha
19%
RUSSIA Krasnodar
19%
BELGIO Standard Liege
19%
SPAGNA Mallorca
18%
DANIMARCA Nordsjælland
18%
RUSSIA Rostov
18%
OLANDA Heerenveen
16%
SVIZZERA Grasshopper
15%
ISRAELE Hapoel Tel Aviv
15%
TURCHIA Bursaspor
13%
CIPRO Anorthosis
12%
UNGHERIA Debrecen
11%
GERMANIA Kaiserslautern
11%
SLOVACCHIA Zilina
10%
OLANDA Willem
9%
SVIZZERA Thun
8%
SLOVACCHIA Kosice
7%
ROMANIA Oțelul Galați
7%
ROMANIA Unirea Urziceni
7%
SVEZIA Helsingborg
4%
BELGIO Lierse
4%
SLOVACCHIA Petržalka
3%
POLONIA Widzew Łódź
3%
Nessun quiz corrispondente trovato
Distribuzione punteggi
Percentuale di utenti per punteggio
Percentile per numero di risposta
I tuoi punteggi nel tempo
Non hai fatto questo quiz